| 000 -LEADER |
| fixed length control field |
01235nam a22003615i 4500 |
| 001 - CONTROL NUMBER |
| control field |
20859139 |
| 005 - DATE AND TIME OF LATEST TRANSACTION |
| control field |
20221107170852.0 |
| 008 - FIXED-LENGTH DATA ELEMENTS--GENERAL INFORMATION |
| fixed length control field |
190220s2019 cau 000 0 eng |
| 010 ## - LIBRARY OF CONGRESS CONTROL NUMBER |
| LC control number |
2019934729 |
| 020 ## - INTERNATIONAL STANDARD BOOK NUMBER |
| International Standard Book Number |
9781473912335 (pbk. : alk. paper) X |
| 020 ## - INTERNATIONAL STANDARD BOOK NUMBER |
| International Standard Book Number |
9781473912328 (hardback : alk. paper) X |
| 020 ## - INTERNATIONAL STANDARD BOOK NUMBER |
| International Standard Book Number |
9781526418302 (epub 2) X |
| 020 ## - INTERNATIONAL STANDARD BOOK NUMBER |
| International Standard Book Number |
9781526418319 (epub 3) X |
| 020 ## - INTERNATIONAL STANDARD BOOK NUMBER |
| International Standard Book Number |
9781526418326 (web pdf) X |
| 020 ## - INTERNATIONAL STANDARD BOOK NUMBER |
| International Standard Book Number |
9781526418333 (xmltei) X |
| 040 ## - CATALOGING SOURCE |
| Original cataloging agency |
eng |
| 042 ## - AUTHENTICATION CODE |
| Authentication code |
pcc |
| 080 ## - UNIVERSAL DECIMAL CLASSIFICATION NUMBER |
| Universal Decimal Classification number |
338.22 M-99 |
| 100 1# - MAIN ENTRY--PERSONAL NAME |
| Personal name |
Myers, Michael D. |
| 9 (RLIN) |
14423 |
| 245 10 - TITLE STATEMENT |
| Title |
Qualitative research in business and management / |
| Statement of responsibility, etc. |
Michael D. Myers. |
| 250 ## - EDITION STATEMENT |
| Edition statement |
3rd edition. |
| 263 ## - PROJECTED PUBLICATION DATE |
| Projected publication date |
1911 |
| 264 #1 - PRODUCTION, PUBLICATION, DISTRIBUTION, MANUFACTURE, AND COPYRIGHT NOTICE |
| Place of production, publication, distribution, manufacture |
Thousand Oaks, CA : |
| Name of producer, publisher, distributor, manufacturer |
SAGE Publications, |
| Date of production, publication, distribution, manufacture, or copyright notice |
2019. |
| 300 ## - PHYSICAL DESCRIPTION |
| Extent |
xvi, 358 pages.: |
| Other physical details |
24 cm. |
| 336 ## - CONTENT TYPE |
| Content type term |
text |
| Content type code |
txt |
| Source |
rdacontent |
| 337 ## - MEDIA TYPE |
| Media type term |
unmediated |
| Media type code |
n |
| Source |
rdamedia |
| 338 ## - CARRIER TYPE |
| Carrier type term |
volume |
| Carrier type code |
nc |
| Source |
rdacarrier |
| 653 ## - INDEX TERM--UNCONTROLLED |
| keyword |
Qualitative research in business and management |
| 653 ## - INDEX TERM--UNCONTROLLED |
| keyword |
თვისებრივი კვლევა ბიზნესსა და მენეჯმენტში |
| 906 ## - LOCAL DATA ELEMENT F, LDF (RLIN) |
| a |
0 |
| b |
ibc |
| c |
orignew |
| d |
2 |
| e |
epcn |
| f |
20 |
| g |
y-gencatlg |
| 942 ## - ADDED ENTRY ELEMENTS (KOHA) |
| Source of classification or shelving scheme |
|
| Koha item type |
წიგნი |